|
|
|
|
| LEADER |
00000nam a2200000 4500 |
| 001 |
vtls012231078 |
| 003 |
SK-MaSNL |
| 005 |
20260301023315.0 |
| 008 |
251112s1488 sz 001 0 lat |
| 015 |
|
|
|a SNBHFA1488
|
| 038 |
|
|
|a SNKHF
|
| 040 |
|
|
|a SNK
|b slo
|c SNK
|e rda
|
| 041 |
0 |
|
|a lat
|
| 044 |
|
|
|a sz
|c CH
|
| 100 |
0 |
|
|a Peter Lombardský,
|b parížský biskup,
|d asi 1100-1160
|4 aut
|9 315455
|
| 240 |
1 |
0 |
|a Sententiarum libri IV.
|
| 245 |
1 |
0 |
|a Sextus Sententiaru[m] cum conclusionibus ac titulis que stionu[m] s. Thome articulis
|
| 264 |
|
1 |
|a [Bazilej]
|b Impensis atq[uae]singulari opera Nicolai Kessler ciuis Basileen[sis]
|c Anno incarnationis domini post millesimum quaterq[um] centesimum octogesimooctauo. Decimo vero kalen. mensis Octobris [=22.10.1488]
|
| 300 |
|
|
|a "a9-"U8", 559 fólií
|c 2° (31x22 cm)
|
| 336 |
|
|
|a text
|b txt
|2 rdacontent
|
| 337 |
|
|
|a bez média
|b n
|2 rdamedia
|
| 338 |
|
|
|a zväzok
|b nc
|2 rdacarier
|
| 510 |
4 |
|
|a Kotvan
|c 952
|
| 510 |
4 |
|
|a Kotvan - Frimmová
|c 396
|
| 510 |
4 |
|
|a ISTC
|c ip00491000
|
| 510 |
4 |
|
|a GW
|c M32482
|
| 561 |
|
|
|a Proveniencia: Na prednom prídoští je rukopisný posesorský zánam: Dnus Michael Reichet hunc lib[e]r donuit Conuentus Cremnicziensj Fr[at]um minor die 6 Octobris Anni 1652. Na tituolnom liste je prelepený posesorský záznam, na ňom je rukopisný záznam: Conuentus Cremnicziensis Sanctj Francizsi.
|5 SNK Inc B 252
|
| 562 |
|
|
|a Na rube fólia A4 sa nachádza iluminovaná iniciála V-eteris, modrá v zeleno-červenom rámčeku s modrou a ružovou rozvil inou, vnútorný priestor rámčeka je zláteny, s 3 puncovanými rozetami, zvyšné iniciálky písané červeným atramentom. Na prednom aj zadnom prídoští sa nachádzajú prečiarknuté latinské rukopisné texty. V knihe sa nachádza ručne robená záložka s nakreslenou mužskou postavou.
|5 Inc B 252
|
| 563 |
|
|
|a Väzba: Pôvodná, hnedá koža, renesančná, na prednej strane zrkadlo zdobené brokátovým motívom, priestor medzi ppriesečníkmi liniek zdobený ornamentálnym valčekom, v hornej časty vyrazený názvový údaj S. sententiaru[m], na zadnej strane zrkadlo zdobené priesečníkmi liniek a ornamentálnym valčekom, zachované pôvodné štítky spôn.
|5 SNK Inc B 252
|
| 700 |
1 |
|
|a Kessler, Nikolaus,
|d asi 1445-asi 1509
|4 prt
|9 128608
|
| 700 |
0 |
|
|a Henricus de Gorichem,
|d asi 1386-1431
|4 aut
|9 315456
|
| 700 |
0 |
|
|a Reichet, Michael
|4 fmo
|9 315457
|
| 710 |
2 |
|
|a Františkáni (Kremnica, Slovensko)
|4 fmo
|9 162717
|
| 752 |
|
|
|a Švajčiarko
|d Bazilej
|
| 852 |
|
|
|a snk
|b Historické fondy
|p Inc B 252
|
| 958 |
|
|
|a ONDV
|
| 999 |
|
|
|c 568939
|d 570869
|
| 952 |
|
|
|t Inc B 252
|a SNK
|b SNK
|c SNK_HF
|y PREZ
|7 0
|p 17A1486225
|o snkInc B 252
|i snk2001/869
|8 5
|0 0
|1 0
|4 0
|d 2023-06-01
|f 1
|l 0
|r 2026-02-23 14:06:53
|w 2026-02-23
|